000 01078cam a2200277 4500
001 ABS64816
008 011121n2001 000 0 eng u
035 _a(Sirsi) u115666
100 _aColbey, R.
245 _aDetecting a sham
260 _c2001
490 _aNew Law Journal
_v151(7006) 2 November 2001, 1612-1613(2)
520 _aLooks at attempts by landlords to defeat tenants' rights. Discusses the decision in the recent case of "Bankway Properties v Penfold-Dunsford"(2001); previous cases on the subject and how the cases compare. See ABS64170.
590 _aABS
650 _aBANKWAY PROPERTIES LTD V PENFOLD-DUNSFORD
650 _aSOMMA V HAZELHURST
650 _aSTREET V MOUNTFORD
650 _aTENANTS' RIGHTS
650 _aHOUSING ACT 1988
650 _aCASE LAW
650 _aASSURED TENANCIES
650 _aRENT REVIEW CLAUSES
650 _aPROPERTY-RESIDENTIAL PROPERTY-RESIDENTIAL LANDLORD AND TENANT-RESIDENTIAL TENANCIES
690 _aPROPERTY-RESIDENTIAL PROPERTY-RESIDENTIAL LANDLORD AND TENANT-RESIDENTIAL TENANCIES
942 _n0
999 _c68889
_d68889